000 00599nam a22001817a 4500
005 20130624144327.0
010 _aENG-107719
020 _a9789382601173
_c275.00
035 _aEN-91252
037 _bDBAD/PUB
100 _aCole, Camille
245 _aConnecting students to stem careers :
_cby Camille Cole
_bsocial networking strategies /
260 _aUttar Pradesh
_beVookz
_c2011
270 _a10, Parshawanath Edens, Sector, Alpha-II, Greater Noida
_bUttar Pradesh
300 _avi,136p. :
_c28cm(pbk)
_bill.
500 _aIncludes bibliographical references and index
942 _2ddc
_cEN
_mCOL
999 _c76904
_d76904